Zenei képességek fejlődése 4 és 8 éves kor között

Elmentve itt :
Bibliográfiai részletek
Szerzők: Janurik Márta
Józsa Krisztián
Dokumentumtípus: Cikk
Megjelent: 2013
Sorozat:Magyar pedagógia : a Magyar Tudományos Akadémia Pedagógiai Bizottságának folyóirata 113 No. 2
Kulcsszavak:Zenei képességek 4 és 8 éves kor között kutatási beszámoló 2013
Online Access:http://misc.bibl.u-szeged.hu/14227
LEADER 00772nab a2200193 i 4500
001 misc14227
005 20191106140514.0
008 170607s2013 hu o 0|| hun d
022 |a 0025-0260 
040 |a SZTE Miscellanea Repozitórium  |b hun 
041 |a hun 
100 1 |a Janurik Márta 
245 1 0 |a Zenei képességek fejlődése 4 és 8 éves kor között  |h [elektronikus dokumentum] /  |c  Janurik Márta 
260 |c 2013 
300 |a 75-99 
490 0 |a Magyar pedagógia : a Magyar Tudományos Akadémia Pedagógiai Bizottságának folyóirata  |v 113 No. 2 
695 |a Zenei képességek 4 és 8 éves kor között kutatási beszámoló 2013 
700 0 1 |a Józsa Krisztián  |e aut 
856 4 0 |u http://misc.bibl.u-szeged.hu/14227/1/mp_2013_002_6552_075-099.pdf  |z Dokumentum-elérés